Statistics for Capital Cities with 100 other Capitals within 5,000 km

Click here to take the quiz!

General Stats

  • This quiz has been taken 166 times
  • The average score is 14 of 21

Answer Stats

# Capital City % Correct
100Rome
92%
106Cairo
86%
107Athens
83%
103Jerusalem
79%
106Tripoli
75%
101Damascus
73%
103Nicosia
72%
100Tunis
71%
101Riyadh
71%
102Beirut
71%
104Amman
69%
107Valletta
66%
100Vatican City
65%
100San Marino
63%
102Tirana
63%
100Skopje
59%
112Khartoum
55%
101Sana'a
54%
101Podgorica
51%
105Asmara
41%
108N'Djamena
35%

Score Distribution

Percentile by Number Answered

Percent of People with Each Score

Your Score History

You have not taken this quiz